Statistiques concernant Quel est cette patisserie? (par image)

Cliquez ici pour prendre le quiz!

Statistiques générales

  • Ce quiz a été pris 1 069 fois
  • Le résultat moyen est 14 sur 15

Statistiques - réponses

Réponse% Correct
cookie
99%
croissant
99%
macaron
99%
flan
98%
brownie
96%
donut
96%
galette
96%
tiramisu
95%
beignet
94%
crepe
94%
madeleine
94%
muffin
94%
bretzel
92%
mousse au chocolat
90%
cheese cake
66%

Distribution des résultats

Percentile par nombre de réponses

% des personnes avec chaque résultat

Votre développement - résultats

Vous n’avez pas pris ce quiz